[Event "26th EUR-ch"]
[Site "Katowice POL"]
[Date "2026.04.09"]
[Round "3.120"]
[White "Piesik, Piotr"]
[Black "Majcher, Igor"]
[Result "1/2-1/2"]
[WhiteElo "2407"]
[BlackElo "2184"]
[EventDate "2026.04.07"]
[PlyCount "40"]

1.d4 Nf6 2.c4 e6 3.Nc3 Bb4 4.f3 Nc6 5.e4 e5 6.a3 Bxc3+ 7.bxc3 d6 8.Be3 O-O
9.d5 Na5 10.c5 Nd7 11.cxd6 cxd6 12.Bd3 Nb6 13.Ne2 Nbc4 14.Bxc4 Nxc4 15.Qd3
Qc7 16.O-O f5 17.Rfb1 b6 18.Bf2 Ba6 19.exf5 Qc8 20.Qd1 Qxf5 1/2-1/2

[Event "26th EUR-ch"]
[Site "Katowice POL"]
[Date "2026.04.09"]
[Round "3.121"]
[White "Ugorek, Kacper"]
[Black "Paszewski, Mateusz"]
[Result "1/2-1/2"]
[WhiteElo "2181"]
[BlackElo "2407"]
[EventDate "2026.04.07"]
[PlyCount "25"]

1.d4 Nf6 2.c4 e6 3.Nf3 c5 4.d5 b5 5.Bg5 exd5 6.cxd5 h6 7.Bxf6 Qxf6 8.e4 c4
9.Nc3 Bb4 10.e5 Qb6 11.Be2 Bb7 12.O-O O-O 13.Ne4 1/2-1/2

[Event "26th EUR-ch"]
[Site "Katowice POL"]
[Date "2026.04.09"]
[Round "3.122"]
[White "Kusa, Jakub"]
[Black "Pasti, Zsombor"]
[Result "1-0"]
[WhiteElo "2406"]
[BlackElo "2180"]
[EventDate "2026.04.07"]
[PlyCount "117"]

1.d4 d5 2.c4 e6 3.Nc3 Nf6 4.cxd5 exd5 5.Bg5 Be7 6.e3 O-O 7.Bd3 h6 8.Bh4 
Re8 9.Nf3 c6 10.Qc2 Ne4 11.Bxe4 Bxh4 12.Bh7+ Kh8 13.g3 Bf6 14.Bf5 Nd7 15.
h4 g6 16.Bh3 Bg7 17.O-O-O b5 18.Ne2 Nf8 19.Nf4 Kg8 20.Nd3 Bxh3 21.Rxh3 Qd7
22.Rhh1 Qf5 23.Nd2 Nd7 24.Nb3 a5 25.Ndc5 Qxc2+ 26.Kxc2 Nxc5 27.Nxc5 Bf8 
28.Nd3 Bd6 29.Kd2 Kf8 30.Rc1 Rac8 31.g4 Ke7 32.f4 Kd7 33.h5 Rh8 34.Rcf1 
Rcg8 35.hxg6 fxg6 36.Ne5+ Bxe5 37.fxe5 Rg7 38.Rf6 h5 39.Rh4 Rgg8 40.g5 Rf8
41.Rd6+ Kc7 42.Ke2 Rhg8 43.Rf4 Rxf4 44.exf4 b4 45.Kf3 a4 46.f5 gxf5 47.Kf4
a3 48.bxa3 bxa3 49.g6 h4 50.Rf6 c5 51.dxc5 d4 52.Kxf5 h3 53.Rf7+ Kc6 54.
Rh7 Rf8+ 55.Kg4 Kxc5 56.Rxh3 Kd5 57.Kg5 Rf2 58.g7 Rg2+ 59.Kf6 1-0

[Event "26th EUR-ch"]
[Site "Katowice POL"]
[Date "2026.04.09"]
[Round "3.123"]
[White "Sibashvili, Giorgi"]
[Black "Kondys, Piotr"]
[Result "1-0"]
[WhiteElo "2405"]
[BlackElo "2178"]
[EventDate "2026.04.07"]
[PlyCount "97"]

1.e4 e6 2.d4 d5 3.Bd3 dxe4 4.Bxe4 Nf6 5.Bf3 Bd6 6.Ne2 Nbd7 7.O-O O-O 8.Ng3
Re8 9.Nc3 e5 10.Nb5 Be7 11.dxe5 Nxe5 12.Bf4 Nxf3+ 13.Qxf3 Bg4 14.Qxb7 Rb8 
15.Qa6 Nd5 16.Bd2 Rb6 17.Qa5 a6 18.Nc3 Nb4 19.Be3 Nxc2 20.Bxb6 cxb6 21.Qa4
Nb4 22.a3 Bd7 23.Qd1 Nc6 24.Re1 Be6 25.Qxd8 Rxd8 26.Red1 Nd4 27.Nge2 Nb3 
28.Rxd8+ Bxd8 29.Rd1 Bc7 30.Nd5 Bd8 31.Ndf4 Be7 32.Nxe6 fxe6 33.Nd4 Nxd4 
34.Rxd4 Kf7 35.Rd7 Kf6 36.Kf1 a5 37.Ke2 e5 38.Rb7 Bc5 39.f3 h5 40.Kd3 Bg1 
41.h3 g6 42.Ke4 g5 43.b4 axb4 44.axb4 g4 45.hxg4 hxg4 46.fxg4 Bd4 47.b5 
Kg5 48.Rg7+ Kf6 49.Rg8 1-0

[Event "26th EUR-ch"]
[Site "Katowice POL"]
[Date "2026.04.09"]
[Round "3.124"]
[White "Iordache, Alexia-Andreea"]
[Black "Turski, Bartlomiej"]
[Result "0-1"]
[WhiteElo "2181"]
[BlackElo "2404"]
[EventDate "2026.04.07"]
[PlyCount "82"]

1.e4 c5 2.Nf3 d6 3.Nc3 Nc6 4.d4 cxd4 5.Nxd4 Nf6 6.Bg5 Bd7 7.Nxc6 bxc6 8.
Bc4 Qa5 9.Bd2 Qc7 10.Qe2 e5 11.f4 Bg4 12.Qd3 exf4 13.h3 Bh5 14.Bxf4 Be7 
15.g4 Bg6 16.O-O-O Rd8 17.Rhe1 O-O 18.Qg3 Qa5 19.Bb3 Qc5 20.Rd2 d5 21.exd5
cxd5 22.Qe3 Qa5 23.Nxd5 Nxd5 24.Rxd5 Rxd5 25.Bxd5 Qxd5 26.Qxe7 h6 27.Kb1 
Rc8 28.h4 Qg2 29.Ka1 Qxg4 30.Be5 Rxc2 31.Qe8+ Kh7 32.Qf8 Bh5 33.Bc3 Qg3 
34.Qe7 Rxc3 35.bxc3 Qxc3+ 36.Kb1 Bg6+ 37.Re4 Qd3+ 38.Kb2 Qxe4 39.Qxa7 Qb4+
40.Kc1 Qc3+ 41.Kd1 Bh5# 0-1

[Event "26th EUR-ch"]
[Site "Katowice POL"]
[Date "2026.04.09"]
[Round "3.125"]
[White "Cukrowski, Filip"]
[Black "Sliwicki, Damian"]
[Result "1-0"]
[WhiteElo "2400"]
[BlackElo "2176"]
[EventDate "2026.04.07"]
[PlyCount "123"]

1.d4 Nf6 2.c4 e6 3.Nf3 Bb4+ 4.Bd2 Qe7 5.g3 O-O 6.Bg2 Bxd2+ 7.Qxd2 Ne4 8.
Qc2 d5 9.O-O Nc6 10.Nc3 Nxc3 11.Qxc3 Rd8 12.Rac1 a5 13.Rfd1 Bd7 14.a3 Be8 
15.e3 f6 16.Nd2 Kh8 17.Nb3 a4 18.Nd2 Bf7 19.Re1 Qd6 20.cxd5 exd5 21.Bf3 
Re8 22.Be2 Re7 23.Bb5 Be8 24.Bf1 Rd8 25.Bh3 b6 26.Bg2 Na5 27.Qc2 Qd7 28.
Bf1 Bg6 29.Bd3 Bxd3 30.Qxd3 Nb7 31.Qa6 Nd6 32.Qe2 Rde8 33.Red1 Qf5 34.Qf3 
Qxf3 35.Nxf3 Nc4 36.Rc2 b5 37.Ne1 g5 38.h3 c6 39.Nd3 Kg7 40.Rcc1 Kg6 41.
Kg2 h5 42.Re1 Re6 43.Rc3 Re4 44.Ra1 h4 45.g4 f5 46.gxf5+ Kxf5 47.b3 axb3 
48.Rxb3 g4 49.a4 bxa4 50.Rxa4 g3 51.Nc5 gxf2 52.Nxe4 f1=Q+ 53.Kxf1 Kxe4 
54.Ra2 Rf8+ 55.Ke2 Rg8 56.Ra7 Rg2+ 57.Ke1 Rh2 58.Rf7 Rh1+ 59.Kf2 Rf1+ 60.
Kxf1 Nd2+ 61.Ke2 Nxb3 62.Rf4# 1-0

[Event "26th EUR-ch"]
[Site "Katowice POL"]
[Date "2026.04.09"]
[Round "3.126"]
[White "Kanov, Nikola"]
[Black "Senel, Hayri Beyhun"]
[Result "1-0"]
[WhiteElo "2398"]
[BlackElo "2172"]
[EventDate "2026.04.07"]
[PlyCount "45"]

1.e4 e6 2.d4 d5 3.Nd2 c5 4.exd5 Qxd5 5.Ngf3 cxd4 6.Bc4 Qd8 7.O-O Nc6 8.Qe2
Nf6 9.Rd1 a6 10.Nb3 b5 11.Nbxd4 Nxd4 12.Rxd4 Qb6 13.Bd3 Bc5 14.Rh4 Bb7 15.
a4 b4 16.Ne5 Qc7 17.Bd2 Qe7 18.Re1 Rd8 19.Bg5 Rd4 20.Bxa6 Bxa6 21.Qxa6 O-O
22.Qe2 Rxh4 23.Bxh4 1-0

[Event "26th EUR-ch"]
[Site "Katowice POL"]
[Date "2026.04.09"]
[Round "3.127"]
[White "Petrovic, Aleksa"]
[Black "Kuegel, Tobias"]
[Result "1/2-1/2"]
[WhiteElo "2178"]
[BlackElo "2398"]
[EventDate "2026.04.07"]
[PlyCount "64"]

1.Nf3 Nf6 2.c4 c5 3.g3 Nc6 4.Bg2 d5 5.cxd5 Nxd5 6.Nc3 Nc7 7.Qa4 Bd7 8.Qe4 
g6 9.Ne5 Bg7 10.Nxd7 Qxd7 11.O-O O-O 12.Qa4 Ne6 13.d3 Rac8 14.Be3 Rfd8 15.
Rfc1 b6 16.Rab1 Ned4 17.Qd1 h6 18.Bd2 Kh7 19.Qf1 Nf5 20.Be1 Nfd4 21.Rd1 
Nc2 22.Bd2 N2d4 23.Be1 e6 24.h4 h5 25.Ne4 Nb4 26.a3 Nd5 27.e3 Nb5 28.Qe2 
Nf6 29.Nxf6+ Bxf6 30.g4 hxg4 31.Qxg4 Kg7 32.h5 Rh8 1/2-1/2

[Event "26th EUR-ch"]
[Site "Katowice POL"]
[Date "2026.04.09"]
[Round "3.128"]
[White "Smolik, Jachym"]
[Black "Kulich, Filip"]
[Result "1/2-1/2"]
[WhiteElo "2395"]
[BlackElo "2171"]
[EventDate "2026.04.07"]
[PlyCount "108"]

1.d4 Nf6 2.c4 e6 3.Nf3 b6 4.g3 Bb7 5.Bg2 Be7 6.O-O O-O 7.Re1 Ne4 8.Nfd2 d5
9.cxd5 Nxd2 10.Bxd2 exd5 11.Nc3 Bf6 12.Bf4 c6 13.h4 Na6 14.Rc1 Qd7 15.Kh2 
Rae8 16.a3 Bd8 17.e4 Bc7 18.Bh3 Qd8 19.e5 f6 20.Qd2 fxe5 21.Bxe5 Bxe5 22.
dxe5 Nc5 23.Rcd1 Bc8 24.Bxc8 Qxc8 25.b4 Ne4 26.Nxe4 dxe4 27.Rxe4 Qf5 28.
Qa2+ Kh8 29.Rde1 Qxf2+ 30.Qxf2 Rxf2+ 31.Kh3 g6 32.Rf4 Rxf4 33.gxf4 Kg7 34.
Rd1 Re7 35.Kg4 Kf7 36.h5 c5 37.bxc5 bxc5 38.hxg6+ hxg6 39.Rc1 Rc7 40.Kf3 
Ke6 41.Ke4 c4 42.Rc3 Rc8 43.a4 Rc7 44.Kd4 Rf7 45.Ke4 Rc7 46.Rg3 c3 47.
Rxg6+ Kf7 48.Rg1 Rc4+ 49.Kd5 Rxf4 50.Rg3 Rxa4 51.Rxc3 Ke7 52.Rc7+ Ke8 53.
Ke6 Ra6+ 54.Kf5 Rh6 1/2-1/2

[Event "26th EUR-ch"]
[Site "Katowice POL"]
[Date "2026.04.09"]
[Round "3.129"]
[White "Bachor, Tomasz"]
[Black "Maltsevskaya, Aleksandra"]
[Result "1/2-1/2"]
[WhiteElo "2178"]
[BlackElo "2393"]
[EventDate "2026.04.07"]
[PlyCount "94"]

1.e4 e6 2.d4 d5 3.Nd2 c5 4.Ngf3 Nf6 5.e5 Nfd7 6.c3 Nc6 7.Bd3 Be7 8.O-O 
cxd4 9.cxd4 Qb6 10.a3 Nxd4 11.Nxd4 Qxd4 12.Nf3 Qb6 13.b4 a5 14.Be3 Qd8 15.
Qc2 h6 16.Rfc1 O-O 17.Qd2 f5 18.Bb5 f4 19.Bxf4 axb4 20.axb4 Rxa1 21.Rxa1 
Qb6 22.Bxd7 Bxd7 23.Rb1 Qd8 24.Nd4 Qe8 25.Be3 Qh5 26.f4 Rc8 27.Rf1 Rc4 28.
f5 Bxb4 29.Qd3 Rc3 30.Qb1 Rxe3 31.Qxb4 exf5 32.Qxb7 Qf7 33.Qb8+ Kh7 34.Qc7
f4 35.e6 Bxe6 36.Qxf4 Qxf4 37.Rxf4 Kg6 38.Kf2 Re5 39.Nf3 Re4 40.Rxe4 dxe4 
41.Nd4 Bd5 42.Ke3 Kf6 43.Kf4 g5+ 44.Ke3 Ke5 45.Ne2 h5 46.Nc3 h4 47.Nd1 Be6
1/2-1/2

[Event "26th EUR-ch"]
[Site "Katowice POL"]
[Date "2026.04.09"]
[Round "3.130"]
[White "Krzywda, Andrzej"]
[Black "Rubes, Jan"]
[Result "0-1"]
[WhiteElo "2172"]
[BlackElo "2393"]
[EventDate "2026.04.07"]
[PlyCount "70"]

1.e4 c5 2.Nf3 e6 3.c3 d5 4.e5 d4 5.d3 Nc6 6.g3 dxc3 7.bxc3 b6 8.Bg2 Nge7 
9.O-O Ba6 10.Qa4 Bb7 11.Qc2 Qd7 12.Nbd2 Ng6 13.Re1 Rd8 14.Bf1 Be7 15.Bb2 
O-O 16.Rad1 Qc7 17.Bg2 Rd7 18.Re3 Rfd8 19.Rde1 Bf8 20.Bf1 Nce7 21.Rd1 Ba6 
22.c4 Nc6 23.a3 Nge7 24.Ree1 Nf5 25.Nb3 Bb7 26.Bg2 Qb8 27.g4 Nfe7 28.Qe2 
a5 29.Nc1 Ng6 30.Qe3 Qa8 31.Ne2 Nd4 32.Nfxd4 Bxg2 33.Nb5 Bf3 34.Nbc3 Nh4 
35.Qf4 Bxe2 0-1

[Event "26th EUR-ch"]
[Site "Katowice POL"]
[Date "2026.04.09"]
[Round "3.131"]
[White "Tirpan, Ceren"]
[Black "Yordanov, Lachezar"]
[Result "1/2-1/2"]
[WhiteElo "2167"]
[BlackElo "2384"]
[EventDate "2026.04.07"]
[PlyCount "75"]

1.c4 e5 2.g3 c6 3.d4 e4 4.a3 d5 5.Nc3 Be7 6.f3 exf3 7.Nxf3 Nf6 8.Bg2 O-O 
9.O-O h6 10.Ne5 dxc4 11.Nxc4 Be6 12.Qd3 Nbd7 13.Bf4 Nb6 14.Ne5 Qc8 15.Rac1
Bh3 16.Rfd1 Bxg2 17.Kxg2 Qe6 18.Qf3 Rad8 19.Rd3 Rfe8 20.Rcd1 Nbd5 21.Nxd5 
cxd5 22.Rb3 b6 23.Rc1 Rc8 24.Rbc3 Rxc3 25.Rxc3 Bd6 26.Rc6 Rc8 27.Rxc8+ 
Qxc8 28.Bxh6 Bxe5 29.dxe5 Ne4 30.Be3 Qc2 31.Bd4 Qd1 32.Qg4 Qxd4 33.Qc8+ 
Kh7 34.Qh3+ Kg6 35.Qg4+ Kh6 36.Qh4+ Kg6 37.Qg4+ Kh7 38.Qh3+ 1/2-1/2

[Event "26th EUR-ch"]
[Site "Katowice POL"]
[Date "2026.04.09"]
[Round "3.132"]
[White "Gradalski, Olaf"]
[Black "Kurmann, Oliver"]
[Result "0-1"]
[WhiteElo "2167"]
[BlackElo "2377"]
[EventDate "2026.04.07"]
[PlyCount "110"]

1.e4 c5 2.Nf3 e6 3.d4 cxd4 4.Nxd4 Nc6 5.Nc3 Nf6 6.Ndb5 Bc5 7.Bf4 O-O 8.Bc7
Qe7 9.Bd6 Bxd6 10.Qxd6 Qd8 11.O-O-O a6 12.Nd4 Ne7 13.h4 b5 14.h5 h6 15.g4 
Bb7 16.f3 Re8 17.Nb3 Qb8 18.Qd2 b4 19.Ne2 d5 20.g5 hxg5 21.Qxg5 Nh7 22.Qg2
dxe4 23.fxe4 Qe5 24.Ng3 Red8 25.Bd3 a5 26.Nd2 a4 27.Kb1 a3 28.Nc4 Qg5 29.
Qf2 Ba6 30.Qe3 Bxc4 31.Qxg5 Bxa2+ 32.Kxa2 Nxg5 33.Rhf1 Nc6 34.Bc4 Ne5 35.
Be2 Rdc8 36.Bd3 axb2+ 37.Kxb2 Ra3 38.Ne2 Ngf3 39.Rf2 Rca8 40.Nc1 Nd4 41.
Bf1 Ndc6 42.Bb5 R8a5 43.Be2 Re3 44.Nb3 Ra7 45.Rg2 Kh7 46.Rdg1 f6 47.Nc5 
Nd4 48.Bd3 b3 49.Kc3 Nxc2 50.Kxb3 Nxd3 51.Nxd3 Rc7 52.Rg3 Rxe4 53.Kb2 Nd4 
54.Nc5 Re5 55.Na6 Rb5+ 0-1

[Event "26th EUR-ch"]
[Site "Katowice POL"]
[Date "2026.04.09"]
[Round "3.133"]
[White "Pavlidou, Ekaterini"]
[Black "Nunez Gregoire, Daniel"]
[Result "0-1"]
[WhiteElo "2166"]
[BlackElo "2375"]
[EventDate "2026.04.07"]
[PlyCount "102"]

1.d4 Nf6 2.c4 d6 3.Nc3 e5 4.d5 Bf5 5.g3 Ne4 6.Nxe4 Bxe4 7.f3 Bg6 8.e4 Be7 
9.h4 h5 10.Bh3 O-O 11.Qc2 c6 12.Ne2 b5 13.b3 Qb6 14.Qd3 Na6 15.Be3 Nb4 16.
Qd2 Nc2+ 17.Kf2 Nxe3 18.Qxe3 Bd8 19.Bd7 Qxe3+ 20.Kxe3 Bb6+ 21.Kd3 bxc4+ 
22.bxc4 cxd5 23.cxd5 f5 24.Rhf1 fxe4+ 25.fxe4 Bf2 26.Bf5 Bxf5 27.exf5 Rxf5
28.Nc3 Rf3+ 29.Kd2 Rxc3 30.Kxc3 Bd4+ 31.Kd3 Bxa1 32.Rxa1 Rb8 33.Rc1 Rb4 
34.Rc6 Rd4+ 35.Ke3 Rxd5 36.Ra6 Kf7 37.Rxa7+ Kf6 38.a4 Rc5 39.Kd3 d5 40.
Ra6+ Kf5 41.Ra7 g6 42.Rf7+ Kg4 43.Rf6 Kxg3 44.Rxg6+ Kxh4 45.Re6 e4+ 46.Ke3
Kg4 47.Rg6+ Kf5 48.Rh6 Rc3+ 49.Kd2 Ra3 50.Rxh5+ Ke6 51.Rh6+ Ke5 0-1

[Event "26th EUR-ch"]
[Site "Katowice POL"]
[Date "2026.04.09"]
[Round "3.134"]
[White "Chojnacki, Slawomir"]
[Black "Arat, Ufuk Sezen"]
[Result "1/2-1/2"]
[WhiteElo "2166"]
[BlackElo "2372"]
[EventDate "2026.04.07"]
[PlyCount "165"]

1.d4 Nf6 2.Bf4 c5 3.e3 Qb6 4.Nc3 d6 5.a3 Bd7 6.Rb1 g6 7.Nf3 Bg7 8.Bc4 O-O 
9.O-O Bg4 10.Bg5 Nbd7 11.Be2 h6 12.Bxf6 Nxf6 13.dxc5 Qxc5 14.h3 Bd7 15.Na2
b5 16.Nb4 Rac8 17.c3 a5 18.Nd3 Qd5 19.Nd4 e5 20.Nb3 Qa8 21.Ne1 Rfd8 22.Bf3
d5 23.Be2 Ne4 24.Nd3 Qa7 25.Bg4 f5 26.Be2 Be6 27.Kh2 Nd6 28.f4 Nc4 29.Nxe5
Nxe3 30.Qd2 Nxf1+ 31.Rxf1 Bxe5 32.fxe5 Qg7 33.Qd4 b4 34.axb4 axb4 35.cxb4 
Re8 36.Ba6 Rc2 37.Bd3 Rc7 38.Nc5 Kh7 39.b5 Bc8 40.b6 Rce7 41.Bb5 Rd8 42.
Re1 Bb7 43.b4 Rb8 44.Ba6 Bxa6 45.Nxa6 Rbb7 46.Nc7 Rexc7 47.bxc7 Qxc7 48.
Qxd5 Rxb4 49.Ra1 Re4 50.Ra5 h5 51.Rc5 Qe7 52.Rb5 Kh6 53.Qa8 h4 54.Qc8 Qg7 
55.Qc1+ f4 56.Qc5 f3 57.gxf3 Re2+ 58.Kg1 Qd7 59.Qc1+ g5 60.Rb6+ Kh5 61.Qb1
Qd4+ 62.Kh1 Rh2+ 63.Kxh2 Qf2+ 64.Kh1 Qxf3+ 65.Kg1 Qg3+ 66.Kf1 Qxh3+ 67.Ke2
Qh2+ 68.Kd1 Qg1+ 69.Kd2 Qd4+ 70.Kc2 Qxe5 71.Qd1+ g4 72.Rd6 Qc5+ 73.Kb2 
Qb4+ 74.Ka2 Qc4+ 75.Kb2 Qb4+ 76.Ka2 h3 77.Qd5+ Kh4 78.Rh6+ Kg3 79.Qd3+ Kg2
80.Qe2+ Kg1 81.Qe3+ Kg2 82.Qe2+ Kg3 83.Qe3+ 1/2-1/2

[Event "26th EUR-ch"]
[Site "Katowice POL"]
[Date "2026.04.09"]
[Round "3.135"]
[White "Talu, Mircea"]
[Black "Shpanko, Nadiia"]
[Result "1-0"]
[WhiteElo "2371"]
[BlackElo "2166"]
[EventDate "2026.04.07"]
[PlyCount "119"]

1.d4 Nf6 2.c4 e6 3.Nf3 d5 4.Nc3 a6 5.c5 b6 6.cxb6 c5 7.Bf4 Bd6 8.Bxd6 Qxd6
9.Rc1 Nbd7 10.e3 Qxb6 11.b3 Qb4 12.Bd3 O-O 13.O-O Bb7 14.Na4 Rac8 15.Qd2 
Qa3 16.Qb2 Qxb2 17.Nxb2 cxd4 18.exd4 Nb6 19.b4 Nfd7 20.a4 Rxc1 21.Rxc1 Rc8
22.Rxc8+ Nxc8 23.Nd2 Nd6 24.Nb3 Bc8 25.Kf1 Nb8 26.Na1 f6 27.f4 h6 28.Ke2 
g5 29.g3 gxf4 30.gxf4 Nc6 31.Nc2 e5 32.dxe5 fxe5 33.fxe5 Nxe5 34.Ke3 Nc6 
35.a5 Nf7 36.Na4 Nfe5 37.Nc5 Nc4+ 38.Bxc4 dxc4 39.Ke4 c3 40.Kd5 Na7 41.Nd4
Bh3 42.Nxa6 Bg2+ 43.Kc5 Nc6 44.Nb3 c2 45.Nc7 Ne5 46.b5 Nd3+ 47.Kc4 Bf1 48.
Kc3 c1=R+ 49.Nxc1 Nxc1 50.a6 Ne2+ 51.Kd2 Nd4 52.b6 Nb3+ 53.Kc3 Bxa6 54.
Kxb3 Bb7 55.Nb5 Kg7 56.Nd6 Bc6 57.Kc3 Kf6 58.Kd4 Kg5 59.Ke3 Kg4 60.Kf2 1-0

[Event "26th EUR-ch"]
[Site "Katowice POL"]
[Date "2026.04.09"]
[Round "3.136"]
[White "Bittner, Titus"]
[Black "Holtel, Jasper"]
[Result "0-1"]
[WhiteElo "2162"]
[BlackElo "2370"]
[EventDate "2026.04.07"]
[PlyCount "118"]

1.e4 c6 2.d4 d5 3.e5 c5 4.Nf3 cxd4 5.Qxd4 Nc6 6.Qf4 g6 7.Nc3 d4 8.Nb5 Bh6 
9.Qh4 Bxc1 10.Rxc1 a6 11.Nbxd4 Nxe5 12.Be2 Nxf3+ 13.Nxf3 Qa5+ 14.c3 Nf6 
15.O-O O-O 16.a3 Kg7 17.Rfe1 Qc7 18.Qc4 Qxc4 19.Bxc4 e6 20.Ne5 Bd7 21.Rcd1
Ba4 22.Rd2 Rfd8 23.Rxd8 Rxd8 24.b3 Be8 25.Be2 Rd2 26.Bf3 Rb2 27.Bxb7 Rxb3 
28.Bxa6 Rxa3 29.Bb7 Rxc3 30.g3 g5 31.Kg2 Ba4 32.Bf3 Bb3 33.Re3 Rxe3 34.
fxe3 Bd5 35.Kf2 Bxf3 36.Kxf3 Nd5 37.g4 Kf6 38.Nd7+ Ke7 39.Ne5 Kf6 40.Nd7+ 
Kg7 41.e4 Nf6 42.Ne5 Kf8 43.h3 Ke8 44.Ke3 Nd7 45.Nc6 f6 46.Kd4 Kf7 47.Ke3 
Kf8 48.Na7 Ne5 49.Nb5 Ke7 50.Nc7 Kd7 51.Nb5 Ng6 52.Kf3 Kc6 53.Na3 Kc5 54.
Nc2 Kc4 55.Ne1 Kd4 56.Nc2+ Kc3 57.Ne1 Kd2 58.Ng2 Ne5+ 59.Kf2 Kd3 0-1

[Event "26th EUR-ch"]
[Site "Katowice POL"]
[Date "2026.04.09"]
[Round "3.137"]
[White "Godart, Francois"]
[Black "Hnatyshyn, Anastasiia"]
[Result "1-0"]
[WhiteElo "2369"]
[BlackElo "2164"]
[EventDate "2026.04.07"]
[PlyCount "61"]

1.e4 e5 2.Nf3 Nc6 3.Bc4 Bc5 4.c3 Nf6 5.d4 exd4 6.e5 d5 7.Bb5 Ne4 8.cxd4 
Bb6 9.Nc3 O-O 10.Be3 Nxc3 11.bxc3 f6 12.exf6 Qxf6 13.O-O Bg4 14.Be2 Rae8 
15.a4 h6 16.Qc2 Qd6 17.Rfe1 Rf6 18.Qa2 Kh8 19.Rab1 a6 20.Kh1 Bf5 21.Rbd1 
Ba5 22.Qb3 Be4 23.Nd2 Bh7 24.Bf1 Ref8 25.f4 Ne7 26.Nf3 Be4 27.Ne5 Ng6 28.
Bc1 Rxf4 29.Bxf4 Rxf4 30.Rxe4 Rxe4 31.Nf7+ 1-0

[Event "26th EUR-ch"]
[Site "Katowice POL"]
[Date "2026.04.09"]
[Round "3.138"]
[White "Witczak, Borys"]
[Black "Mkrtchian, Mariam"]
[Result "1-0"]
[WhiteElo "2160"]
[BlackElo "2368"]
[EventDate "2026.04.07"]
[PlyCount "83"]

1.d4 d5 2.c4 e6 3.Nc3 h6 4.Bf4 Bb4 5.e3 Nf6 6.Rc1 c5 7.a3 Bxc3+ 8.bxc3 O-O
9.Bd3 b6 10.Bg3 Ba6 11.cxd5 Bxd3 12.Qxd3 Qxd5 13.f3 Nc6 14.c4 Qd7 15.Ne2 
Rfd8 16.Bf2 cxd4 17.exd4 Rac8 18.O-O Na5 19.Rc3 Qa4 20.Rfc1 Rc6 21.Bh4 g5 
22.Be1 Ne8 23.h4 Nd6 24.hxg5 hxg5 25.Qe3 f6 26.Qxe6+ Nf7 27.Qf5 Kg7 28.Ng3
Rh8 29.Qe4 Nd6 30.Qe7+ Kg6 31.d5 Re8 32.Qd7 Rxc4 33.Qxd6 Rxe1+ 34.Rxe1 
Rxc3 35.Re4 Qd1+ 36.Kh2 Rc8 37.Nh5 Qa1 38.Nxf6 Nb7 39.Qe6 Rh8+ 40.Nh5+ 
Kxh5 41.Qf7+ Kh6 42.Re6+ 1-0

[Event "26th EUR-ch"]
[Site "Katowice POL"]
[Date "2026.04.09"]
[Round "3.139"]
[White "Karut, Kacper"]
[Black "Luczak, Filip"]
[Result "0-1"]
[WhiteElo "2159"]
[BlackElo "2362"]
[EventDate "2026.04.07"]
[PlyCount "78"]

1.e4 c5 2.Nf3 d6 3.d4 cxd4 4.Nxd4 Nf6 5.Nc3 e5 6.Nb3 Be7 7.Be2 O-O 8.O-O 
Nc6 9.Kh1 a5 10.a4 Nb4 11.f4 b6 12.Be3 Bb7 13.Bf3 Rc8 14.Rf2 Qc7 15.Rd2 d5
16.fxe5 Qxe5 17.Bd4 Qf4 18.exd5 Nfxd5 19.Ne2 Qh6 20.Bg1 Bg5 21.Bxd5 Bxd5 
22.Rxd5 Nxd5 23.Qxd5 Rxc2 24.Nbd4 Rxb2 25.Ng3 Bf6 26.Nf3 Rd8 27.Qf5 Rxg2 
28.Kxg2 Bxa1 29.Qb1 Bc3 30.Qxb6 Qxb6 31.Bxb6 Rb8 32.Bc5 Rb2+ 33.Kh3 Ra2 
34.Ne4 Bb2 35.Nfd2 Rxa4 36.Kg2 Bc1 37.Nc3 Rg4+ 38.Kf3 Bxd2 39.Kxg4 Bxc3 
0-1

[Event "26th EUR-ch"]
[Site "Katowice POL"]
[Date "2026.04.09"]
[Round "3.140"]
[White "Balinski, Damian"]
[Black "Perossa, Nicolas"]
[Result "1-0"]
[WhiteElo "2154"]
[BlackElo "2362"]
[EventDate "2026.04.07"]
[PlyCount "79"]

1.e4 e5 2.Nf3 Nc6 3.Bc4 Nf6 4.d3 Bc5 5.Bg5 h6 6.Bh4 d6 7.c3 a6 8.Nbd2 Qe7 
9.O-O g5 10.Bg3 Ba7 11.a4 Nd7 12.b4 Nf8 13.b5 Nd8 14.d4 Ng6 15.Nb3 h5 16.
h3 f6 17.Re1 Ne6 18.bxa6 bxa6 19.Na5 g4 20.Nh4 Ngf4 21.Nf5 Qd7 22.h4 Bb6 
23.Nb3 Bb7 24.Qd2 Kf8 25.d5 Ng7 26.Nxg7 Qxg7 27.Bxf4 exf4 28.Qxf4 g3 29.
Nd4 Bxd4 30.cxd4 gxf2+ 31.Qxf2 Kg8 32.Ra3 Rh6 33.Rg3 Rg6 34.Ree3 Rg4 35.
Be2 Bc8 36.Bxg4 Bxg4 37.Qf4 Rb8 38.e5 fxe5 39.dxe5 Rf8 40.Qe4 1-0

[Event "26th EUR-ch"]
[Site "Katowice POL"]
[Date "2026.04.09"]
[Round "3.141"]
[White "Plichta, Kamil"]
[Black "Wacior, Maciej"]
[Result "1-0"]
[WhiteElo "2361"]
[BlackElo "2160"]
[EventDate "2026.04.07"]
[PlyCount "51"]

1.e4 e5 2.Nf3 Nc6 3.Bb5 Nf6 4.O-O Bd6 5.d4 Qe7 6.Re1 a6 7.Bd3 b6 8.Nc3 O-O
9.Bg5 Qd8 10.dxe5 Nxe5 11.Nxe5 Bxe5 12.f4 Bd4+ 13.Kh1 h6 14.Bh4 d6 15.Qf3 
g5 16.fxg5 Ng4 17.e5 hxg5 18.Qe4 f5 19.exf6 Rf7 20.Qe8+ Qxe8 21.Rxe8+ Rf8 
22.Bc4+ Kh7 23.Rxf8 gxh4 24.Bd3+ Kh6 25.Rh8+ Kg5 26.Ne4+ 1-0

[Event "26th EUR-ch"]
[Site "Katowice POL"]
[Date "2026.04.09"]
[Round "3.142"]
[White "Zareba, Piotr"]
[Black "Bettalli, Francesco"]
[Result "0-1"]
[WhiteElo "2143"]
[BlackElo "2358"]
[EventDate "2026.04.07"]
[PlyCount "72"]

1.e4 c5 2.Nf3 Nc6 3.Bb5 d6 4.O-O Bd7 5.c3 a6 6.Ba4 Nf6 7.Re1 b5 8.Bb3 c4 
9.Bc2 e5 10.d4 cxd3 11.Qxd3 h6 12.Nbd2 Be7 13.a4 Rb8 14.Nf1 O-O 15.Ne3 Re8
16.Bb3 b4 17.Nd5 bxc3 18.Qxc3 Nxd5 19.Bxd5 Nb4 20.Bc4 a5 21.Be3 Qc8 22.Nd2
Qb7 23.Qb3 Rf8 24.Rad1 Bc6 25.f3 Qd7 26.Bb5 Bxb5 27.axb5 Qxb5 28.Ra1 Rfc8 
29.Rec1 Qe2 30.Rxc8+ Rxc8 31.Rf1 Nd3 32.Qb6 Bd8 33.Qa7 Rc7 34.Qb6 Rd7 35.
Qb5 Qxe3+ 36.Kh1 Nf2+ 0-1

[Event "26th EUR-ch"]
[Site "Katowice POL"]
[Date "2026.04.09"]
[Round "3.143"]
[White "Zielonka, Adam"]
[Black "Kovalskyi, Roman"]
[Result "1-0"]
[WhiteElo "2350"]
[BlackElo "2159"]
[EventDate "2026.04.07"]
[PlyCount "63"]

1.e4 c5 2.Nf3 Nc6 3.Bb5 e5 4.O-O Bd6 5.c3 a6 6.Ba4 b5 7.Bc2 Nge7 8.Re1 Qc7
9.a4 Rb8 10.Qe2 O-O 11.Na3 c4 12.axb5 axb5 13.d4 Ng6 14.h4 Qd8 15.h5 Nh4 
16.Nxe5 Bxe5 17.dxe5 d6 18.exd6 Ne5 19.Qe3 Bg4 20.Qg3 Qf6 21.Bf4 Rfe8 22.
Bxe5 Rxe5 23.f4 Rxh5 24.Qxg4 Rh6 25.e5 Qd8 26.Rad1 Qb6+ 27.Rd4 Re8 28.d7 
Rd8 29.g3 Ng6 30.e6 f5 31.Qxf5 Qc6 32.Qe4 1-0

[Event "26th EUR-ch"]
[Site "Katowice POL"]
[Date "2026.04.09"]
[Round "3.144"]
[White "Zadrapova, Amalie"]
[Black "Suleymanli, Suleyman"]
[Result "0-1"]
[WhiteElo "2139"]
[BlackElo "2348"]
[EventDate "2026.04.07"]
[PlyCount "68"]

1.e4 e6 2.d4 d5 3.Nd2 Be7 4.Ngf3 Nf6 5.e5 Nfd7 6.Bd3 c5 7.c3 Nc6 8.O-O a5 
9.Bc2 cxd4 10.cxd4 Qb6 11.Nb1 Nb4 12.Bb3 O-O 13.a3 Nc6 14.Nc3 f6 15.exf6 
Nxf6 16.Bc2 Bd7 17.Bg5 Bd6 18.Qd3 Be8 19.Qe2 Bf7 20.Nb5 Bb8 21.Rad1 Ne4 
22.Nc3 Nxd4 23.Nxd4 Nxg5 24.Qg4 h6 25.h4 Nh7 26.Rfe1 Nf6 27.Qh3 e5 28.Nf5 
e4 29.Ne7+ Kh8 30.Rd2 Qc7 31.Nexd5 Nxd5 32.Bxe4 Nxc3 33.bxc3 Qf4 34.Rd4 
Be6 0-1

[Event "26th EUR-ch"]
[Site "Katowice POL"]
[Date "2026.04.09"]
[Round "3.145"]
[White "Madrawski, Krzysztof"]
[Black "Papakonstantinou, Dimitrios"]
[Result "0-1"]
[WhiteElo "2132"]
[BlackElo "2338"]
[EventDate "2026.04.07"]
[PlyCount "76"]

1.c4 g6 2.d4 Bg7 3.Nc3 Nf6 4.e4 d6 5.h3 O-O 6.Be3 e5 7.d5 a5 8.g4 Na6 9.f3
Nc5 10.h4 h5 11.g5 Nh7 12.Qd2 f6 13.gxf6 Bxf6 14.Bf2 Bd7 15.O-O-O Kh8 16.
Kb1 a4 17.Bh3 Bxh4 18.Bxc5 dxc5 19.Bxd7 Bg5 20.Qg2 Qxd7 21.Nh3 Be3 22.Rd3 
Bd4 23.Qxg6 Qf7 24.Qh6 Ra6 25.Qc1 a3 26.Ng5 Qg6 27.Nxh7 Kxh7 28.b3 Raf6 
29.Rh3 Kg7 30.Ne2 Rxf3 31.Rg3 Rxd3 32.Rxg6+ Kxg6 33.Nxd4 cxd4 34.Qg1+ Kh6 
35.Qc1+ Re3 36.Qxa3 Re1+ 37.Kc2 Rf2+ 38.Kd3 Rd1# 0-1

[Event "26th EUR-ch"]
[Site "Katowice POL"]
[Date "2026.04.09"]
[Round "3.146"]
[White "Gagic, Milan"]
[Black "Rybackova, Lucie"]
[Result "1-0"]
[WhiteElo "2337"]
[BlackElo "2157"]
[EventDate "2026.04.07"]
[PlyCount "91"]

1.e4 c6 2.d4 d5 3.e5 c5 4.c3 Nc6 5.Be2 Bf5 6.Nf3 e6 7.O-O Qb6 8.dxc5 Bxc5 
9.b4 Be7 10.Be3 Qc7 11.b5 Na5 12.Nbd2 Bc5 13.Nd4 Ne7 14.N2b3 Nxb3 15.axb3 
O-O 16.f4 Be4 17.g4 f6 18.Qd2 Qd7 19.Nf3 Bxe3+ 20.Qxe3 Bxf3 21.Rxf3 fxe5 
22.Qxe5 Ng6 23.Qe3 Qd6 24.Raf1 b6 25.Kh1 e5 26.fxe5 Qxe5 27.Rd1 Rxf3 28.
Qxf3 Nf4 29.Bf1 Rc8 30.Qf2 Rxc3 31.Re1 Qf6 32.Qd2 Rc8 33.Bg2 Rd8 34.Bf3 d4
35.Be4 Nh3 36.Bxh7+ Kh8 37.Bf5 Qh4 38.Re2 d3 39.Re3 Nf4 40.Rf3 Ne2 41.Rxd3
Rxd3 42.Bxd3 Nd4 43.Qe3 Qd8 44.Qh3+ Kg8 45.Bc4+ Kf8 46.Qh8+ 1-0

[Event "26th EUR-ch"]
[Site "Katowice POL"]
[Date "2026.04.09"]
[Round "3.147"]
[White "Unat, Can Haktan"]
[Black "Lorscheid, Gerhard"]
[Result "1-0"]
[WhiteElo "2333"]
[BlackElo "2150"]
[EventDate "2026.04.07"]
[PlyCount "75"]

1.e4 d6 2.d4 Nf6 3.Nc3 e5 4.Nge2 exd4 5.Nxd4 Be7 6.Bf4 O-O 7.Qd2 Nc6 8.
O-O-O Nxd4 9.Qxd4 Be6 10.f3 a6 11.g4 b5 12.h4 c5 13.Qe3 b4 14.Na4 Qc7 15.
g5 Nd7 16.h5 Qc6 17.b3 Rfe8 18.h6 g6 19.Rh2 d5 20.exd5 Bxd5 21.Qd2 Bxf3 
22.Be2 Bxe2 23.Rxe2 Nf8 24.Rxe7 Rxe7 25.Bd6 Rd8 26.Bxe7 Rxd2 27.Rxd2 Qe4 
28.Bf6 Qf4 29.Nb6 Ne6 30.Nd5 Qf1+ 31.Rd1 Qe2 32.Bg7 Nxg7 33.Nf6+ Kf8 34.
Nxh7+ Ke7 35.hxg7 Qe5 36.g8=N+ Ke6 37.Nf8+ Kf5 38.Rd5 1-0